[Event "NOR-chT qualifier"]
[Site "Norway"]
[Date "2002.??.??"]
[Round "2"]
[White "Fossan, Petter"]
[Black "Hagesaether, Paal Vegard"]
[Result "1/2-1/2"]
[WhiteElo "2282"]
[BlackElo "2250"]
[PlyCount "82"]
[EventDate "2001.11.??"]
[EventType "team"]
[EventRounds "9"]
[EventCountry "NOR"]
[SourceTitle "EXT 2003"]
[Source "ChessBase"]
[SourceDate "2002.11.25"]
[SourceVersion "1"]
[SourceVersionDate "2002.11.25"]
[SourceQuality "1"]

1. e4 d6 2. d4 Nf6 3. Nc3 g6 4. f4 Bg7 5. Nf3 0-0 6. Bd3 Na6 7. 0-0 c5 8. Bxa6 cxd4 9. Nxd4 bxa6 10. Kh1 Qb6 11. Nb3 Bb7 12. Re1 Qf2 13. Be3 Qh4 14. Qd2 Rac8 15. Bd4 e5 16. fxe5 Nxe4 17. Nxe4 Bxe4 18. c3 dxe5 19. Bxa7 Ba8 20. Qf2 Qc4 21. Rad1 Rfd8 22. Kg1 Rd5 23. Rxd5 Qxd5 24. Re2 f5 25. Rd2 Qe4 26. Nc5 Qc4 27. Qf1 Qxf1+ 28. Kxf1 Bh6 29. Rd6 Bc6 30. b4 e4 31. Bb6 Bf4 32. Rd8+ Rxd8 33. Bxd8 Bxh2 34. c4 e3 35. Nxa6 Bg3 36. b5 Ba8 37. Bc7 f4 38. Nc5 e2+ 39. Kxe2 f3+ 40. gxf3 Bxc7 41. Nd7 Kf7 1/2-1/2

[Event "Nordic-ch"]
[Site "Bergen"]
[Date "2001.08.10"]
[Round "7"]
[White "Hagesaether, Paal Vegard"]
[Black "Edvardsen, Ragnar"]
[Result "1-0"]
[WhiteElo "2250"]
[BlackElo "2023"]
[PlyCount "111"]
[EventDate "2001.08.04"]
[EventType "swiss"]
[EventRounds "9"]
[EventCountry "NOR"]
[SourceTitle "CBM 083 Extra"]
[Source "ChessBase"]
[SourceDate "2001.09.11"]
[SourceVersion "1"]
[SourceVersionDate "2001.09.11"]
[SourceQuality "1"]

1. c4 e5 2. g3 Nf6 3. Bg2 d5 4. cxd5 Nxd5 5. Nc3 Nb6 6. Nf3 Nc6 7. 0-0 Be7 8. d3 0-0 9. a3 Be6 10. b4 f5 11. Bb2 Bf6 12. Qc2 Qd7 13. Rac1 Nd4 14. Nxd4 exd4 15. Nb1 c6 16. Nd2 Qf7 17. Nc4 Nd5 18. Nd2 Rad8 19. Nf3 Nb6 20. Qd2 Qh5 21. b5 cxb5 22. Qb4 Bd5 23. Qxb5 Bc6 24. Qa5 Nc8 25. Qb4 Qe8 26. Nxd4 Bxg2 27. Kxg2 Bxd4 28. Bxd4 Qxe2 29. Qxb7 Rxd4 30. Rxc8 Qxd3 31. Re1 Rd7 32. Rxf8+ Kxf8 33. Qb8+ Rd8 34. Qxa7 Qd5+ 35. Kg1 Qd7 36. Qc5+ Kf7 37. Re5 g6 38. h4 f4 39. Qc4+ Kg7 40. Qxf4 Rf8 41. Qe3 Rf7 42. Kh2 Qd6 43. Re8 Qf6 44. Kg1 Rc7 45. Ra8 Rc3 46. Ra7+ Kf8 47. Ra6 Qxa6 48. Qxc3 Kf7 49. Qb3+ Kg7 50. a4 Qe2 51. Qc3+ Kg8 52. a5 h6 53. Qe3 Qd1+ 54. Kh2 Qh5 55. a6 g5 56. a7 1-0

[Event "Nordic-ch"]
[Site "Bergen"]
[Date "2001.08.09"]
[Round "6"]
[White "Landgren, Philip"]
[Black "Hagesaether, Paal Vegard"]
[Result "1/2-1/2"]
[WhiteElo "2193"]
[BlackElo "2250"]
[PlyCount "59"]
[EventDate "2001.08.04"]
[EventType "swiss"]
[EventRounds "9"]
[EventCountry "NOR"]
[SourceTitle "CBM 083 Extra"]
[Source "ChessBase"]
[SourceDate "2001.09.11"]
[SourceVersion "1"]
[SourceVersionDate "2001.09.11"]
[SourceQuality "1"]

1. d4 Nf6 2. c4 Nc6 3. Nf3 e6 4. Nc3 Bb4 5. Bd2 d6 6. a3 Bxc3 7. Bxc3 Ne4 8. Qc2 Nxc3 9. Qxc3 0-0 10. g3 e5 11. dxe5 Nxe5 12. Nxe5 dxe5 13. Qxe5 Re8 14. Qc3 Qe7 15. e3 Qe4 16. Rg1 Bg4 17. Qd3 Qe5 18. Qc3 Qe4 19. Qd3 Qe6 20. Be2 Rad8 21. Qc3 Qe4 22. h3 Bf3 23. Rc1 c5 24. Qc2 Qc6 25. Rd1 g6 26. g4 Be4 27. Bd3 Bf3 28. Be2 Be4 29. Bd3 Bf3 30. Be2 1/2-1/2

[Event "Nordic-ch"]
[Site "Bergen"]
[Date "2001.08.04"]
[Round "1"]
[White "Hagesaether, Paal Vegard"]
[Black "Crapis, Frederic"]
[Result "1-0"]
[WhiteElo "2250"]
[BlackElo "2030"]
[PlyCount "106"]
[EventDate "2001.08.04"]
[EventType "swiss"]
[EventRounds "9"]
[EventCountry "NOR"]
[SourceTitle "CBM 083 Extra"]
[Source "ChessBase"]
[SourceDate "2001.09.11"]
[SourceVersion "1"]
[SourceVersionDate "2001.09.11"]
[SourceQuality "1"]

1. c4 Nf6 2. g3 e5 3. Bg2 Nc6 4. Nc3 Bc5 5. e3 a6 6. Nge2 0-0 7. 0-0 d6 8. d4 Ba7 9. h3 Ne7 10. Qd3 c6 11. b3 Rb8 12. Rd1 Be6 13. Ba3 c5 14. dxe5 dxe5 15. Qxd8 Rfxd8 16. Bxb7 Bxh3 17. f3 h5 18. Bxa6 Nc6 19. Nd5 Nxd5 20. cxd5 Nb4 21. Bxb4 cxb4 22. Kf2 Rb6 23. Bc4 g5 24. a3 Rf6 25. axb4 Bb6 26. Ra6 Rdd6 27. Ra8+ Kg7 28. Ng1 Bd7 29. Ke2 e4 30. fxe4 Bg4+ 31. Kd3 Bxd1 32. e5 Rf1 33. exd6 Rxg1 34. d7 Rxg3 35. Rb8 Bxe3 36. Rg8+ Kh7 37. d8Q Bb6+ 38. Kd2 Bxd8 39. Rxd8 Bxb3 40. Bd3+ Kg7 41. b5 Rf3 42. b6 Rf6 43. b7 Rb6 44. b8Q Rxb8 45. Rxb8 Bxd5 46. Rb5 Be6 47. Rxg5+ Kh6 48. Rg2 h4 49. Ke3 h3 50. Rh2 Kg5 51. Bf1 Kh4 52. Kf4 Bd7 53. Bxh3 Bxh3 1-0

[Event "Troll Masters"]
[Site "Gausdal"]
[Date "2000.01.16"]
[Round "9"]
[White "Snarheim, Dagfinn"]
[Black "Hagesaether, Paal Vegard"]
[Result "1/2-1/2"]
[WhiteElo "2227"]
[BlackElo "2271"]
[PlyCount "37"]
[EventDate "2000.01.10"]
[EventType "swiss"]
[EventRounds "9"]
[EventCountry "NOR"]
[SourceTitle "CBM 074 Extra"]
[Source "ChessBase"]
[SourceDate "2000.03.10"]
[SourceVersion "2"]
[SourceVersionDate "2000.03.10"]
[SourceQuality "1"]

1. e4 e6 2. d4 d5 3. e5 c5 4. c3 Nc6 5. Nf3 Qb6 6. Bd3 Bd7 7. 0-0 cxd4 8. cxd4 Nxd4 9. Nxd4 Qxd4 10. Nc3 Qxe5 11. Re1 Qb8 12. Nxd5 Bd6 13. Qg4 Kf8 14. Bd2 h5 15. Qh3 Bc6 16. Nb4 Bd7 17. Nd5 Bc6 18. Nb4 Bd7 19. Nd5 1/2-1/2

[Event "Troll Masters"]
[Site "Gausdal"]
[Date "2000.01.11"]
[Round "3"]
[White "Romsdal, Trond"]
[Black "Hagesaether, Paal Vegard"]
[Result "1-0"]
[WhiteElo "2204"]
[BlackElo "2271"]
[PlyCount "80"]
[EventDate "2000.01.10"]
[EventType "swiss"]
[EventRounds "9"]
[EventCountry "NOR"]
[SourceTitle "CBM 074 Extra"]
[Source "ChessBase"]
[SourceDate "2000.03.10"]
[SourceVersion "2"]
[SourceVersionDate "2000.03.10"]
[SourceQuality "1"]

1. d4 Nf6 2. Nf3 g6 3. c4 Bg7 4. Nc3 d6 5. e4 0-0 6. Be2 e5 7. 0-0 Na6 8. Re1 exd4 9. Nxd4 Re8 10. Bf1 Nc5 11. f3 c6 12. Be3 a5 13. Qd2 Ncd7 14. Rad1 Ne5 15. Nc2 Be6 16. Na3 Bf8 17. Bg5 Qb6+ 18. Kh1 Nh5 19. Na4 Qc7 20. Be3 f5 21. exf5 gxf5 22. Bd4 f4 23. c5 Nf7 24. cxd6 Bxd6 25. Nc5 Bd5 26. Bc4 Nf6 27. Bxf6 Bxc4 28. Ne4 Bd5 29. Nxd6 Qxd6 30. Bc3 Rxe1+ 31. Qxe1 b5 32. Bxa5 Ne5 33. Bc3 Ng6 34. Qd2 Re8 35. Nxb5 Qe7 36. Qd4 Bxa2 37. Nd6 Rf8 38. Ne4 Bb3 39. Ra1 Rd8 40. Qb6 Qd7 1-0

[Event "Manhem op"]
[Site "Manhem"]
[Date "1999.??.??"]
[Round "?"]
[White "Hagesaether, Paal Vegard"]
[Black "Poley, Vladimir"]
[Result "1-0"]
[WhiteElo "2285"]
[BlackElo "2386"]
[PlyCount "107"]
[EventDate "1999.??.??"]
[EventType "swiss"]
[EventRounds "7"]
[EventCountry "SWE"]
[SourceTitle "EXT 2002"]
[Source "ChessBase"]
[SourceDate "2001.11.25"]
[SourceVersion "1"]
[SourceVersionDate "2001.11.25"]
[SourceQuality "1"]

1. c4 b6 2. Nf3 Bb7 3. g3 Bxf3 4. exf3 c5 5. d4 cxd4 6. Qxd4 Nc6 7. Qd2 e6 8. Nc3 Rc8 9. Bg2 Qf6 10. f4 Bb4 11. 0-0 Na5 12. Rd1 Rc7 13. c5 Bxc3 14. bxc3 bxc5 15. Rb1 Qd8 16. c4 Rc8 17. Qc3 Ne7 18. Rb5 Nac6 19. Rxc5 0-0 20. Ba3 Re8 21. h4 Nb8 22. Rg5 Nf5 23. g4 h6 24. Rh5 Nxh4 25. Bb2 e5 26. Rxe5 Rxe5 27. Qxe5 Qf8 28. Bd5 Rxc4 29. Qh5 Rxf4 30. Qxh4 Qb4 31. Qd8+ Kh7 32. Be5 Nc6 33. Bxc6 Rxg4+ 34. Bg3 dxc6 35. Qd7 Qc4 36. Qf5+ Rg6 37. Rd7 Qxa2 38. Qxf7 Qb1+ 39. Kh2 Rg5 40. Rd8 Qe4 41. Qg8+ Kg6 42. Rd6+ Kh5 43. Qf7+ g6 44. Re6 Qg4 45. Rxc6 Rf5 46. Qxa7 Qe4 47. Ra6 Kg4 48. Rxg6+ Kh5 49. Ra6 Kg4 50. Rxh6 Kf3 51. Qa3+ Ke2 52. Qb2+ Kf3 53. Rh4 Qd5 54. Qd4 1-0

[Event "Manhem op"]
[Site "Manhem"]
[Date "1999.??.??"]
[Round "?"]
[White "Hagesaether, Paal Vegard"]
[Black "Schneider, Stefan"]
[Result "0-1"]
[WhiteElo "2285"]
[BlackElo "2335"]
[PlyCount "102"]
[EventDate "1999.??.??"]
[EventType "swiss"]
[EventRounds "7"]
[EventCountry "SWE"]
[SourceTitle "EXT 2002"]
[Source "ChessBase"]
[SourceDate "2001.11.25"]
[SourceVersion "1"]
[SourceVersionDate "2001.11.25"]
[SourceQuality "1"]

1. c4 Nf6 2. g3 c6 3. Nf3 d5 4. b3 Bf5 5. Ba3 Nbd7 6. Bg2 e6 7. Bxf8 Nxf8 8. 0-0 N8d7 9. d4 0-0 10. Nbd2 h6 11. Qc1 Qe7 12. Qb2 Rfd8 13. Ne5 Nxe5 14. dxe5 Ne4 15. cxd5 exd5 16. Nf3 Re8 17. Rac1 Ng5 18. Rfe1 Be4 19. h4 Ne6 20. Nd2 Bxg2 21. Kxg2 Nc5 22. f4 a5 23. Qc3 Na6 24. e4 Nb4 25. Qf3 Rad8 26. Red1 Nxa2 27. Ra1 Nb4 28. exd5 Rxd5 29. Nc4 Ra8 30. Rxd5 Nxd5 31. Nd6 f6 32. Qe4 fxe5 33. fxe5 Rd8 34. Nf5 Qe6 35. Nd4 Qd7 36. e6 Nf6 37. exd7 Nxe4 38. Rxa5 Rxd7 39. Nf3 Rd3 40. Ra8+ Kh7 41. b4 Rb3 42. h5 g5 43. Re8 Rb2+ 44. Kg1 Rb1+ 45. Kg2 Rb2+ 46. Kg1 Rxb4 47. Ne5 Nxg3 48. Re7+ Kg8 49. Re6 Nxh5 50. Rxh6 Nf4 51. Nf3 g4 0-1

[Event "Balatonturist op"]
[Site "Balatonbereny"]
[Date "1997.??.??"]
[Round "5"]
[White "Borocz, Istvan"]
[Black "Hagesaether, Paal Vegard"]
[Result "1-0"]
[WhiteElo "2420"]
[BlackElo "2205"]
[PlyCount "55"]
[EventDate "1997.??.??"]
[EventType "swiss"]
[EventRounds "9"]
[EventCountry "HUN"]
[SourceTitle "EXT 2001"]
[Source "ChessBase"]
[SourceDate "2000.11.22"]
[SourceVersion "1"]
[SourceVersionDate "2000.11.22"]
[SourceQuality "1"]

1. e4 c5 2. Nf3 d6 3. d4 cxd4 4. Nxd4 Nf6 5. Nc3 a6 6. f4 Qc7 7. Bd3 g6 8. Nf3 Nbd7 9. 0-0 Bg7 10. Qe1 b5 11. e5 dxe5 12. fxe5 Ng4 13. e6 fxe6 14. Qh4 Ndf6 15. Ne4 Bb7 16. Nxf6+ Nxf6 17. a4 e5 18. Ng5 Qc6 19. Qh3 b4 20. Ne6 e4 21. Nxg7+ Kf7 22. Rxf6+ exf6 23. Bc4+ Ke7 24. Bb3 Rad8 25. Be3 Bc8 26. Qh6 Qd6 27. Nf5+ Bxf5 28. Qg7+ 1-0

[Event "Jarleslaget op"]
[Site "Trondheim"]
[Date "1997.??.??"]
[Round "3"]
[White "Hagesaether, Paal Vegard"]
[Black "Hansen, Kasper"]
[Result "1/2-1/2"]
[WhiteElo "2220"]
[BlackElo "2120"]
[PlyCount "126"]
[EventDate "1997.??.??"]
[EventType "swiss"]
[EventRounds "9"]
[EventCountry "NOR"]
[SourceTitle "EXT 1998"]
[Source "ChessBase"]
[SourceDate "1997.11.17"]
[SourceVersion "1"]
[SourceVersionDate "1997.11.17"]
[SourceQuality "1"]

1. c4 e5 2. g3 Nf6 3. Bg2 c6 4. Nf3 e4 5. Nd4 d5 6. cxd5 Qxd5 7. Nb3 Bb4 8. 0-0 Qh5 9. a3 Be7 10. f3 exf3 11. exf3 0-0 12. Re1 Be6 13. d4 Qb5 14. N3d2 Na6 15. Nc3 Qb6 16. Nde4 h6 17. b4 Rad8 18. Be3 Nd5 19. Nxd5 Bxd5 20. Qc2 Rde8 21. Rad1 Qd8 22. Qa4 Qa8 23. Bf4 g5 24. Bd6 Bxe4 25. Bxe7 Rxe7 26. fxe4 Nc7 27. d5 cxd5 28. exd5 Rxe1+ 29. Rxe1 Qb8 30. d6 Ne6 31. Rd1 Rd8 32. d7 Nf8 33. Qb5 Qc7 34. Bh3 b6 35. Qd5 Qc3 36. Kh1 Qe3 37. Bg4 Kg7 38. Rd3 Qf2 39. Rf3 Qe1+ 40. Kg2 Qe7 41. Qd4+ f6 42. Re3 Qf7 43. Qd6 Ng6 44. Be6 Qf8 45. Qc7 Qe7 46. Kf2 Ne5 47. h3 Kg6 48. g4 Kg7 49. Bf5 b5 50. Qc5 Qf7 51. Kg3 Rxd7 52. Bxd7 Qxd7 53. a4 bxa4 54. Rc3 Qd2 55. Qxa7+ Kg6 56. Qe3 Qd6 57. Qc5 Qd2 58. Re3 a3 59. Rxa3 Qf4+ 60. Kg2 Qe4+ 61. Kg3 Qf4+ 62. Kg2 Qe4+ 63. Kh2 Nf3+ 1/2-1/2

[Event "NOR-chT"]
[Site "Norway"]
[Date "1997.??.??"]
[Round "5"]
[White "Hagesaether, Paal Vegard"]
[Black "Heim, Sverre"]
[Result "1/2-1/2"]
[WhiteElo "2205"]
[BlackElo "2400"]
[PlyCount "80"]
[EventDate "1997.??.??"]
[EventType "team-swiss"]
[EventRounds "7"]
[EventCountry "NOR"]
[SourceTitle "EXT 1999"]
[Source "ChessBase"]
[SourceDate "1998.11.16"]
[SourceVersion "1"]
[SourceVersionDate "1998.11.16"]
[SourceQuality "1"]

1. c4 c5 2. g3 g6 3. Bg2 Bg7 4. Nc3 Nf6 5. e4 Nc6 6. Nge2 d6 7. d3 0-0 8. 0-0 Bg4 9. h3 Bxe2 10. Nxe2 Ne8 11. Be3 Nc7 12. Rb1 Rb8 13. Qd2 Ne6 14. Kh2 Ned4 15. Nc3 b5 16. b3 b4 17. Ne2 a5 18. f4 Nxe2 19. Qxe2 Nd4 20. Bxd4 Bxd4 21. e5 e6 22. Qe4 Rb6 23. Bf3 Qd7 24. Bd1 Rd8 25. Bc2 Qe7 26. Rbe1 Qf8 27. Re2 Qg7 28. exd6 Qf8 29. Qg2 Qxd6 30. Qf3 Qc7 31. Rfe1 Kg7 32. Re4 Qc6 33. Qg2 Rd6 34. g4 Kf8 35. g5 Rb8 36. Qe2 Bc3 37. Rf1 Bg7 38. Kg3 Rbd8 39. Rd1 Rd4 40. Qf3 R8d6 1/2-1/2

[Event "Balatonturist op"]
[Site "Balatonbereny"]
[Date "1997.??.??"]
[Round "4"]
[White "Hagesaether, Paal Vegard"]
[Black "Ladanyi, Tibor"]
[Result "1-0"]
[WhiteElo "2205"]
[BlackElo "2280"]
[PlyCount "65"]
[EventDate "1997.??.??"]
[EventType "swiss"]
[EventRounds "9"]
[EventCountry "HUN"]
[SourceTitle "EXT 2001"]
[Source "ChessBase"]
[SourceDate "2000.11.22"]
[SourceVersion "1"]
[SourceVersionDate "2000.11.22"]
[SourceQuality "1"]

1. c4 e5 2. g3 Nf6 3. Bg2 Nc6 4. Nc3 Bb4 5. Nd5 a5 6. e3 0-0 7. Ne2 Re8 8. Nxb4 Nxb4 9. d3 e4 10. dxe4 Nxe4 11. 0-0 d6 12. a3 Nc6 13. b3 Qf6 14. Ra2 Bf5 15. Bb2 Qh6 16. Nf4 Ne5 17. f3 Ng5 18. e4 Nh3+ 19. Kh1 Bd7 20. Nd5 Rac8 21. Bc1 Qh5 22. a4 Be6 23. Rc2 b6 24. g4 Qh4 25. Be3 h5 26. Bxh3 Qxh3 27. Nf4 Qh4 28. gxh5 Kh7 29. Rg1 Rg8 30. Rcg2 Bd7 31. Rg5 Rce8 32. R1g3 Bc8 33. Ng2 1-0

[Event "NOR-chT"]
[Site "Norway"]
[Date "1997.??.??"]
[Round "2"]
[White "Madsen, Dag"]
[Black "Hagesaether, Paal Vegard"]
[Result "0-1"]
[WhiteElo "2265"]
[BlackElo "2205"]
[PlyCount "68"]
[EventDate "1997.??.??"]
[EventType "team-swiss"]
[EventRounds "7"]
[EventCountry "NOR"]
[SourceTitle "EXT 1999"]
[Source "ChessBase"]
[SourceDate "1998.11.16"]
[SourceVersion "1"]
[SourceVersionDate "1998.11.16"]
[SourceQuality "1"]

1. d4 Nf6 2. c4 Nc6 3. Nf3 e6 4. g3 Bb4+ 5. Bd2 a5 6. Bg2 0-0 7. 0-0 Bxd2 8. Nbxd2 d6 9. e4 e5 10. d5 Ne7 11. c5 Nd7 12. cxd6 cxd6 13. a4 Nc5 14. Qb1 Bd7 15. b3 b5 16. Rc1 Qb6 17. axb5 Bxb5 18. Bf1 Bxf1 19. Kxf1 f5 20. exf5 Rxf5 21. b4 Rb8 22. Rxa5 Qxb4 23. Qxb4 Rxb4 24. Rc3 Nxd5 25. Rca3 Nb6 26. Kg2 e4 27. Nh4 Rf8 28. Kf1 Rd4 29. Ra2 e3 30. Ndf3 Rb4 31. Ke2 Nd5 32. R5a3 exf2 33. Kxf2 g5 34. Rd2 Ne4+ 0-1

[Event "Gausdal Eikrem Memorial"]
[Site "Gausdal"]
[Date "1996.??.??"]
[Round "2"]
[White "Jansa, Vlastimil"]
[Black "Hagesaether, Paal Vegard"]
[Result "1-0"]
[WhiteElo "2490"]
[BlackElo "2220"]
[PlyCount "127"]
[EventDate "1996.08.??"]
[EventType "swiss"]
[EventRounds "9"]
[EventCountry "NOR"]
[SourceTitle "CBM 054 Extra"]
[Source "ChessBase"]
[SourceDate "1996.11.01"]
[SourceVersion "1"]
[SourceVersionDate "1996.11.01"]
[SourceQuality "1"]

1. e4 c5 2. Nf3 d6 3. d4 cxd4 4. Nxd4 Nf6 5. Nc3 a6 6. Be2 e5 7. Nb3 Be7 8. 0-0 0-0 9. Kh1 Be6 10. f4 exf4 11. Bxf4 Nc6 12. Qe1 Rc8 13. Rd1 Qc7 14. Nd5 Bxd5 15. exd5 Nb8 16. Bd3 Rfe8 17. Qh4 g6 18. Bg5 Nh5 19. Nd4 Bxg5 20. Qxg5 Qe7 21. Qg4 Ng7 22. Nf3 f5 23. Qb4 Qc7 24. Ng5 h6 25. Ne6 Nxe6 26. dxe6 Nc6 27. Qf4 Ne5 28. Qxh6 Qg7 29. Qd2 Rxe6 30. Be2 Qe7 31. Rf4 Kg7 32. c3 Re8 33. Rdf1 Rh8 34. Bd1 Qg5 35. Bb3 Qg3 36. h3 Re7 37. Qf2 Qg5 38. Rd1 Qf6 39. Rfd4 Rd8 40. Qd2 Red7 41. a4 Nf7 42. a5 Ng5 43. Bd5 Re7 44. Rb4 Ne4 45. Qd4 Rdd7 46. Rb6 Qe5 47. Kg1 Ng3 48. Kf2 f4 49. Bf3 Qxd4+ 50. Rxd4 Nh1+ 51. Kg1 Re1+ 52. Kh2 g5 53. Rd1 Rxd1 54. Bxd1 Ng3 55. Bf3 d5 56. h4 gxh4 57. Kh3 Nf1 58. Kxh4 Ne3 59. Kg5 Nc4 60. Rg6+ Kh7 61. Bg4 Rg7 62. Rxg7+ Kxg7 63. b4 Nd6 64. Bf3 1-0

[Event "Wch U18"]
[Site "Guarapuava"]
[Date "1995.??.??"]
[Round "5"]
[White "Gelashvili, Tamaz"]
[Black "Hagesaether, Paal Vegard"]
[Result "1-0"]
[WhiteElo "2325"]
[BlackElo "2155"]
[PlyCount "111"]
[EventDate "1995.??.??"]
[EventType "swiss"]
[EventRounds "11"]
[EventCountry "BRA"]
[SourceTitle "Juniors"]
[Source "ChessBase"]
[SourceDate "1999.07.01"]
[SourceVersion "1"]
[SourceVersionDate "1999.07.01"]
[SourceQuality "1"]

1. e4 d6 2. d4 Nf6 3. Nc3 g6 4. f3 c6 5. a4 Bg7 6. Be3 0-0 7. Qd2 e5 8. dxe5 dxe5 9. Qf2 Be6 10. Bxa7 Nbd7 11. Be3 Qa5 12. Bd2 Nh5 13. Nge2 f5 14. Nc1 Qc7 15. Bd3 f4 16. b3 Rf7 17. Be2 Bf8 18. Nd3 b6 19. Nd1 Be7 20. g4 fxg3 21. hxg3 Nc5 22. Nxc5 Bxc5 23. Be3 Bxe3 24. Nxe3 b5 25. 0-0 bxa4 26. bxa4 Qa5 27. Kh2 Qc3 28. Rfd1 Nf6 29. Qg1 Rd7 30. Rxd7 Nxd7 31. Qc1 Qb4 32. Qa3 Qd2 33. Qd3 Qb4 34. Kg2 Kf7 35. Qa3 Qd4 36. a5 Qd2 37. Kf2 Nb6 38. a6 Nc4 39. Qd3 Qxe3+ 40. Qxe3 Nxe3 41. Kxe3 Ke7 42. Rh1 Bg8 43. Rd1 Be6 44. f4 Bc8 45. Ra1 exf4+ 46. Kxf4 Kf6 47. e5+ Ke7 48. Rh1 h5 49. Ra1 Bf5 50. a7 Kd7 51. Bd3 Bxd3 52. cxd3 Ke6 53. d4 Ke7 54. Kg5 Kf7 55. Ra6 Kg7 56. Rxc6 1-0

[Event "Troll Masters"]
[Site "Gausdal"]
[Date "1995.??.??"]
[Round "8"]
[White "Gvein, Kenneth"]
[Black "Hagesaether, Paal Vegard"]
[Result "1/2-1/2"]
[WhiteElo "2115"]
[BlackElo "2150"]
[PlyCount "41"]
[EventDate "1995.01.??"]
[EventType "swiss"]
[EventRounds "9"]
[EventCountry "NOR"]
[SourceTitle "CBM 046 Extra"]
[Source "ChessBase"]
[SourceDate "1995.07.01"]
[SourceVersion "1"]
[SourceVersionDate "1995.07.01"]
[SourceQuality "1"]

1. e4 d6 2. d4 g6 3. Nc3 Bg7 4. Be3 Nf6 5. f3 0-0 6. Qd2 e5 7. Nge2 Nbd7 8. h4 exd4 9. Nxd4 Ne5 10. Be2 c6 11. 0-0-0 Qc7 12. Bh6 a6 13. Bxg7 Kxg7 14. g4 b5 15. Nf5+ Bxf5 16. gxf5 Rad8 17. h5 Nxh5 18. f4 Nc4 19. Qd4+ Nf6 20. Rxh7+ Kxh7 21. Qxf6 1/2-1/2

[Event "Wch U20"]
[Site "Halle"]
[Date "1995.??.??"]
[Round "5"]
[White "Hagesaether, Paal Vegard"]
[Black "Dervishi, Erald"]
[Result "1-0"]
[WhiteElo "2155"]
[BlackElo "2310"]
[PlyCount "101"]
[EventDate "1995.09.??"]
[EventType "swiss"]
[EventRounds "13"]
[EventCountry "GER"]
[SourceTitle "CBM 048 Extra"]
[Source "ChessBase"]
[SourceDate "1995.11.01"]
[SourceVersion "1"]
[SourceVersionDate "1995.11.01"]
[SourceQuality "1"]

1. e4 e5 2. Nf3 Nc6 3. Bc4 Nf6 4. d3 Be7 5. 0-0 0-0 6. Nc3 d6 7. h3 Na5 8. Bb3 Nxb3 9. axb3 h6 10. d4 exd4 11. Nxd4 Re8 12. Re1 Bf8 13. f4 b6 14. Qd3 Bb7 15. Bd2 a6 16. Nf5 g6 17. Ng3 Bg7 18. Rad1 Nd7 19. b4 a5 20. bxa5 Nc5 21. Qf1 bxa5 22. Kh2 h5 23. Qc4 h4 24. Nh1 Ba6 25. Qd5 Rb8 26. Bc1 Bb7 27. Qc4 Bxc3 28. Qxc3 Nxe4 29. Qxa5 d5 30. Kg1 Qd6 31. Nf2 Ng3 32. Qa7 Qc6 33. Qd4 Ne2+ 34. Rxe2 Rxe2 35. f5 gxf5 36. Qxh4 Qg6 37. Rd3 Re1+ 38. Kh2 Rxc1 39. Rg3 Re8 40. Rxg6+ fxg6 41. Qg5 Ree1 42. Qxg6+ Kf8 43. Qxf5+ Ke7 44. Nd3 Rh1+ 45. Kg3 Rxc2 46. Ne5 Rhc1 47. Qd7+ Kf6 48. Ng4+ Kg6 49. Qe6+ Kg7 50. Qf6+ Kg8 51. Nh6+ 1-0

[Event "Wch U20"]
[Site "Halle"]
[Date "1995.??.??"]
[Round "3"]
[White "Hagesaether, Paal Vegard"]
[Black "Iordachescu, Viorel"]
[Result "0-1"]
[WhiteElo "2155"]
[BlackElo "2435"]
[PlyCount "74"]
[EventDate "1995.09.??"]
[EventType "swiss"]
[EventRounds "13"]
[EventCountry "GER"]
[SourceTitle "CBM 048 Extra"]
[Source "ChessBase"]
[SourceDate "1995.11.01"]
[SourceVersion "1"]
[SourceVersionDate "1995.11.01"]
[SourceQuality "1"]

1. c4 Nf6 2. g3 g6 3. Bg2 Bg7 4. Nf3 0-0 5. 0-0 d6 6. Nc3 e5 7. d3 h6 8. Rb1 a6 9. b4 c6 10. c5 a5 11. b5 dxc5 12. Nxe5 Nd5 13. Nxd5 cxd5 14. Bb2 Re8 15. Nf3 d4 16. a4 Be6 17. e3 dxe3 18. fxe3 Bxb2 19. Rxb2 Nd7 20. d4 Qe7 21. Re1 Rad8 22. Rd2 cxd4 23. Nxd4 Nc5 24. Nxe6 Nxe6 25. Bd5 Ng5 26. e4 Qb4 27. Rf1 Rd7 28. Qg4 Ree7 29. Rdf2 Kg7 30. Rf4 Qd4+ 31. Kh1 f5 32. Qd1 Qxd1 33. Rxd1 fxe4 34. h4 Nh3 35. Rff1 e3 36. Rde1 Nf2+ 37. Kg2 Nd3 0-1

[Event "Wch U20"]
[Site "Halle"]
[Date "1995.??.??"]
[Round "13"]
[White "Hagesaether, Paal Vegard"]
[Black "Manik, Mikulas"]
[Result "0-1"]
[WhiteElo "2155"]
[BlackElo "2380"]
[PlyCount "108"]
[EventDate "1995.09.??"]
[EventType "swiss"]
[EventRounds "13"]
[EventCountry "GER"]
[SourceTitle "CBM 048 Extra"]
[Source "ChessBase"]
[SourceDate "1995.11.01"]
[SourceVersion "1"]
[SourceVersionDate "1995.11.01"]
[SourceQuality "1"]

1. c4 Nf6 2. g3 g6 3. Bg2 Bg7 4. Nf3 d6 5. Nc3 0-0 6. 0-0 Nc6 7. d3 e5 8. Rb1 Nh5 9. b4 f5 10. b5 Ne7 11. Qc2 h6 12. a4 c5 13. bxc6 bxc6 14. Ba3 g5 15. Nd2 Nf6 16. Nb5 Ne8 17. c5 d5 18. Nd6 Ba6 19. Rfe1 e4 20. dxe4 dxe4 21. N2c4 Nc7 22. Bb2 Bxb2 23. Rxb2 Ne6 24. Rd1 Qc7 25. g4 Nf4 26. gxf5 Nxg2 27. Kxg2 Nxf5 28. Qxe4 Nh4+ 29. Kg1 Qg7 30. Qe6+ Kh8 31. Ne5 Rf6 32. Ndf7+ Kg8 33. Qe7 Rxf7 34. Qxf7+ Qxf7 35. Nxf7 Kxf7 36. Rd6 Re8 37. Rxc6 Bxe2 38. Rxh6 Bf3 39. Rb1 Be4 40. Rc1 Bg6 41. f4 Re2 42. Rxg6 Kxg6 43. c6 Nf3+ 44. Kf1 Rxh2 45. Rc3 Nd2+ 46. Ke1 gxf4 47. c7 f3 48. Rc6+ Kf7 49. c8Q f2+ 50. Kxd2 f1Q+ 51. Kc3 Qe1+ 52. Kc4 Qe4+ 53. Kb5 Rb2+ 54. Ka5 Qb4+ 0-1

[Event "Troll Masters"]
[Site "Gausdal"]
[Date "1995.??.??"]
[Round "2"]
[White "Kinsman, Andrew PH"]
[Black "Hagesaether, Paal Vegard"]
[Result "1-0"]
[WhiteElo "2355"]
[BlackElo "2150"]
[PlyCount "73"]
[EventDate "1995.01.??"]
[EventType "swiss"]
[EventRounds "9"]
[EventCountry "NOR"]
[SourceTitle "CBM 046 Extra"]
[Source "ChessBase"]
[SourceDate "1995.07.01"]
[SourceVersion "1"]
[SourceVersionDate "1995.07.01"]
[SourceQuality "1"]

1. d4 Nf6 2. Nf3 g6 3. c4 Bg7 4. g3 0-0 5. Bg2 d6 6. 0-0 Nbd7 7. Qc2 e5 8. Rd1 Re8 9. e4 exd4 10. Nxd4 Nc5 11. Nc3 a5 12. Ndb5 Bd7 13. f3 Bxb5 14. Nxb5 Nfd7 15. Rb1 Qb8 16. Be3 Bf8 17. Qd2 Ne5 18. b3 Ne6 19. h3 Rd8 20. f4 Nd7 21. h4 Ng7 22. Bd4 Ne5 23. Qe2 Nc6 24. Ba1 Na7 25. Nd4 Nc6 26. Nc2 Qa7+ 27. Kh2 Re8 28. Ne3 Ne7 29. Qf3 c6 30. Ng4 Nh5 31. f5 Qb8 32. fxg6 Nxg6 33. Qf5 Ng7 34. Nh6+ Kh8 35. Qxf7 Ne7 36. Qg8+ Nxg8 37. Nf7# 1-0